000 00213nam a2200109Ia 4500
100 _aCHARLES/SMITH
942 _cBK
245 _aFIFTY YEARS WITH MOUNTBATEN.
260 _b#N/A
546 _aENGLISH
999 _c23536
_d23536